[Event "29. Erfurter Schachfestival 2019 - Meis"]
[Site "Erfurt"]
[Date "2019.12.29"]
[Round "7.11"]
[White "Zhukov, Anton"]
[Black "Strache, Michael"]
[Result "1-0"]
[WhiteElo "2190"]
[BlackElo "2301"]
[Annotator "Ruether,Rudolf"]
[PlyCount "159"]
[EventDate "2019.12.26"]

1. d4 f5 2. c4 Nf6 3. Nf3 g6 4. g3 Bg7 5. Bg2 O-O 6. O-O d6 7. Nc3 Qe8 8. d5 a5
9. Nd4 Na6 10. b3 Bd7 11. Bb2 c6 12. Na4 c5 13. Ne6 Bxe6 14. dxe6 Ra7 15. Rb1
Nc7 16. Bd5 Ncxd5 17. cxd5 b5 18. Bxf6 Rxf6 19. Nb6 f4 20. g4 h5 21. h3 g5 22.
Qd3 b4 23. f3 Qg6 24. Nd7 Qxd3 25. Nxf6+ Bxf6 26. exd3 h4 27. Rfc1 Bd4+ 28. Kf1
Kg7 29. Rc2 Kf6 30. Re1 a4 31. bxa4 Rxa4 32. Re4 Ba1 33. Ke2 Ra3 34. Rd2 Bd4
35. Rc2 Be3 36. Rb2 Rc3 37. Rc4 Ra3 38. Re4 Bd4 39. Rc2 Ra7 40. Kd1 Ra8 41. Kd2
Bc3+ 42. Ke2 Ra3 43. Kd1 Bd4 44. Ke2 {(=)} Kg7 45. Kd2 Bc3+ 46. Ke2 Kf8 47. Kd1
Ke8 48. Rc4 Kd8 49. Ke2 Ra8 50. Kd1 Ra3 51. Ke2 Ra5 52. Kd1 Bf6 53. Ke2 Rb5 54.
Kd2 Ra5 55. Ke2 Rb5 56. Kd2 Rb7 57. Ke2 Ra7 58. Kd2 Bd4 59. Kd1 Bg1 60. Rg2 Be3
61. Rgc2 Ra8 62. Ke2 Ra3 63. Re4 Bd4 64. Rxd4 cxd4 65. Kd2 Ra5 66. Rb2 Ra4 67.
Kc2 Ra3 68. Rxb4 Rxa2+ 69. Kb3 Rd2 70. Rb8+ Kc7 71. Re8 Rxd3+ 72. Kc4 Rd1 73.
Rxe7+ Kc8 74. Rf7 Kd8 75. Rd7+ Ke8 76. Rxd6 d3 77. Kc3 Rf1 78. Ra6 Ke7 79. Ra7+
Kd6 80. Kd4 1-0

[Event "29. Erfurter Schachfestival 2019 - Meis"]
[Site "Erfurt"]
[Date "2019.12.29"]
[Round "7.12"]
[White "Wichmann, Cliff"]
[Black "Sobolevsky, Leonid"]
[Result "1-0"]
[WhiteElo "2298"]
[BlackElo "2178"]
[Annotator "Ruether,Rudolf"]
[PlyCount "95"]
[EventDate "2019.12.26"]

1. d4 Nf6 2. Nf3 e6 3. c4 Bb4+ 4. Nbd2 d5 5. Qa4+ Nc6 6. a3 Bxd2+ 7. Bxd2 Ne4
8. e3 O-O 9. Qc2 a5 10. Bd3 f5 11. O-O Bd7 12. cxd5 exd5 13. b4 axb4 14. axb4
Rxa1 15. Rxa1 Nxd2 16. Qxd2 b6 17. Rc1 Rf6 18. Qc3 Qe7 19. b5 Nb4 20. Qa3 Qd6
21. Bf1 f4 22. Ne5 Be8 23. Rb1 Nc2 24. Qc3 Na3 25. Rb3 Nc4 26. Bxc4 dxc4 27.
Qxc4+ Bf7 28. Nxf7 Rxf7 29. e4 g5 30. e5 Qe7 31. Rc3 g4 32. e6 Rf6 33. d5 Qd6
34. Qe4 Rf8 35. h3 g3 36. fxg3 fxg3 {Rest unleserlich} 37. Qg4+ Kh8 38. Rxg3
Qe5 39. Qg5 Qxg5 40. Rxg5 h6 41. Rg4 Rd8 42. Re4 Kg7 43. Kf2 Kf6 44. e7 Re8 45.
Re6+ Kg5 46. Kf3 h5 47. g3 Kf5 48. h4 1-0

[Event "29. Erfurter Schachfestival 2019 - Meis"]
[Site "Erfurt"]
[Date "2019.12.29"]
[Round "7.13"]
[White "Eckardt, Joshua"]
[Black "Hillmann, Michael"]
[Result "1/2-1/2"]
[WhiteElo "2277"]
[BlackElo "2144"]
[PlyCount "70"]
[EventDate "2019.12.26"]

1. d4 d5 2. c4 c6 3. Nf3 Nf6 4. Nc3 a6 5. a4 e6 6. g3 a5 7. Bg2 Na6 8. O-O Be7
9. Bf4 O-O 10. Ne5 Nb4 11. e4 dxc4 12. Nxc4 b6 13. Qb3 Ba6 14. Rfd1 Rc8 15. Rd2
g5 16. Bxg5 Nxe4 17. Nxe4 Bxc4 18. Qxc4 Bxg5 19. f4 Be7 20. Rf1 Nd5 21. Qe2 f5
22. Ng5 Bxg5 23. Qxe6+ Kg7 24. fxg5 Qxg5 25. Qe5+ Kg6 26. Rdf2 Qe3 27. Qd6+ Rf6
28. Qd7 Qe8 29. Qxe8+ Rxe8 30. g4 f4 31. Bxd5 cxd5 32. Rxf4 Rxf4 33. Rxf4 Re2
34. Rf2 Re4 35. Rd2 Rxg4+ 1/2-1/2

[Event "29. Erfurter Schachfestival 2019 - Meis"]
[Site "Erfurt"]
[Date "2019.12.29"]
[Round "7.14"]
[White "Zimmermann, René"]
[Black "Hartge, Gedeon"]
[Result "1/2-1/2"]
[WhiteElo "2184"]
[BlackElo "2239"]
[PlyCount "46"]
[EventDate "2019.12.26"]

1. f4 d5 2. Nf3 Nf6 3. e3 g6 4. d4 Bg7 5. Bd3 O-O 6. O-O c5 7. c3 Nc6 8. Nbd2
b6 9. Qe2 Na5 10. dxc5 bxc5 11. e4 Qb6 12. Kh1 dxe4 13. Nxe4 Nxe4 14. Bxe4 Ba6
15. Bd3 Bxd3 16. Qxd3 e6 17. Ne5 Rfd8 18. Qe2 Nc6 19. Be3 Qc7 20. Nf3 Ne7 21.
Qf2 c4 22. Rad1 Nd5 23. Ng5 Rd7 1/2-1/2

[Event "29. Erfurter Schachfestival 2019 - Meis"]
[Site "Erfurt"]
[Date "2019.12.29"]
[Round "7.15"]
[White "Wong, Gengchun"]
[Black "Neukirchner, Pascal"]
[Result "1/2-1/2"]
[WhiteElo "2180"]
[BlackElo "2224"]
[PlyCount "34"]
[EventDate "2019.12.26"]

1. Nf3 c5 2. c4 Nf6 3. Nc3 Nc6 4. e3 e6 5. d4 d5 6. Bd3 a6 7. cxd5 exd5 8. O-O
c4 9. Bc2 Bb4 10. Ne5 Nxe5 11. dxe5 Bxc3 12. bxc3 Ne4 13. Qd4 Qa5 14. Bxe4 dxe4
15. Qxc4 Bf5 16. Qb4 Qxb4 17. cxb4 Ke7 1/2-1/2

[Event "29. Erfurter Schachfestival 2019 - Meis"]
[Site "Erfurt"]
[Date "2019.12.29"]
[Round "7.16"]
[White "Schulte, Felix"]
[Black "Osmanodja, Filiz"]
[Result "0-1"]
[WhiteElo "2126"]
[BlackElo "2214"]
[PlyCount "70"]
[EventDate "2019.12.26"]

1. d4 Nf6 2. c4 e6 3. Nc3 Bb4 4. f3 d5 5. a3 Bxc3+ 6. bxc3 O-O 7. e3 c5 8. cxd5
exd5 9. Bd3 Nh5 10. Ne2 Qh4+ 11. g3 Qe7 12. O-O c4 13. Bb1 f5 14. e4 fxe4 15.
fxe4 Bg4 16. Rxf8+ Qxf8 17. Qf1 Nd7 18. Qxf8+ Rxf8 19. Nf4 Nxf4 20. Bxf4 Nb6
21. Bc2 Bh3 22. Re1 h6 23. exd5 Nxd5 24. Bg6 Nxc3 25. Re7 b5 26. Re5 a5 27. Kf2
b4 28. Ke1 b3 29. Kd2 Na2 30. Re7 c3+ 31. Ke1 c2 32. Rc7 Rxf4 33. Bxc2 Rf1+ 34.
Ke2 bxc2 35. Rxc2 Nc1+ 0-1

[Event "29. Erfurter Schachfestival 2019 - Meis"]
[Site "Erfurt"]
[Date "2019.12.29"]
[Round "7.17"]
[White "Derichs, Roger"]
[Black "Cordes, Klaus"]
[Result "1-0"]
[WhiteElo "2311"]
[BlackElo "2118"]
[PlyCount "97"]
[EventDate "2019.12.26"]

1. d4 Nf6 2. c4 g6 3. Nc3 Bg7 4. e4 d6 5. Nf3 O-O 6. Be3 c6 7. Be2 a6 8. h3 b5
9. cxb5 axb5 10. a3 Nfd7 11. O-O Ba6 12. Rc1 Nb6 13. b3 Bb7 14. Ra1 Na6 15. b4
Nc4 16. Bxc4 bxc4 17. Qc2 Nc7 18. a4 Qd7 19. Rfd1 f5 20. Qe2 Ba6 21. Rab1 fxe4
22. Nxe4 Kh8 23. Nc3 Rf5 24. Nh2 Raf8 25. Ng4 h5 26. Nh2 Ne6 27. d5 cxd5 28.
Nxd5 c3 29. b5 Bb7 30. Nb4 Nf4 31. Bxf4 Rxf4 32. f3 Bd4+ 33. Kh1 Bg7 34. a5
R8f5 35. Nc2 Ra4 36. a6 Bc8 37. Rb3 Re5 38. Qd3 Kh7 39. Nf1 Qc7 40. Rxc3 Qb8
41. Nfe3 Be6 42. Ra3 Rxa3 43. Nxa3 Rc5 44. Qe4 Re5 45. Qb7 Qc8 46. Nac4 Rc5 47.
Qxc8 Rxc8 48. b6 Bxc4 49. Nxc4 1-0

[Event "29. Erfurter Schachfestival 2019 - Meis"]
[Site "Erfurt"]
[Date "2019.12.29"]
[Round "7.18"]
[White "Klein, Felix"]
[Black "Wolf, Andreas"]
[Result "1-0"]
[WhiteElo "2304"]
[BlackElo "2056"]
[PlyCount "55"]
[EventDate "2019.12.26"]

1. e4 c5 2. Nf3 e6 3. d4 cxd4 4. Nxd4 Nf6 5. Nc3 d6 6. Be3 a6 7. f3 Nbd7 8. Qd2
Qc7 9. O-O-O b5 10. Kb1 b4 11. Nce2 d5 12. g4 dxe4 13. Nf4 Ne5 14. g5 Nd5 15.
Nxd5 exd5 16. fxe4 dxe4 17. Bf4 Bd6 18. Nb3 Bb7 19. Qxd6 Qxd6 20. Rxd6 e3 21.
Rg1 Nf3 22. Rg3 O-O 23. Be2 Rfe8 24. Bxf3 Bxf3 25. Rxf3 e2 26. Bg3 e1=Q+ 27.
Bxe1 Rxe1+ 28. Nc1 1-0

[Event "29. Erfurter Schachfestival 2019 - Meis"]
[Site "Erfurt"]
[Date "2019.12.29"]
[Round "7.19"]
[White "Kaiser, Dieter"]
[Black "Barthel, Ansgar"]
[Result "1/2-1/2"]
[WhiteElo "2228"]
[BlackElo "2052"]
[PlyCount "99"]
[EventDate "2019.12.26"]

1. d4 d5 2. c4 e6 3. Nc3 c5 4. cxd5 exd5 5. Nf3 Nc6 6. g3 Nf6 7. Bg2 Be7 8. O-O
O-O 9. b3 Bg4 10. dxc5 Bxc5 11. Bb2 a6 12. h3 Be6 13. e3 Ba7 14. Ne2 Ne4 15.
Nfd4 Nxd4 16. Bxd4 Bxd4 17. Qxd4 Qf6 18. Qxf6 Nxf6 19. Rac1 Rac8 20. h4 Rc6 21.
Nd4 Rxc1 22. Rxc1 Rc8 23. Rxc8+ Bxc8 24. Kf1 Kf8 25. b4 Ke7 26. f3 Kd6 27. Ke1
Bd7 28. Bf1 Ne8 29. Bd3 g6 30. g4 Nc7 31. Kd2 b6 32. g5 a5 33. a3 axb4 34. axb4
Ne6 35. Nxe6 Kxe6 36. Kc3 Ke5 37. f4+ Kd6 38. Kd4 Bf5 39. Be2 Be4 40. h5 Ke6
41. Bg4+ Kd6 42. hxg6 hxg6 43. Bh3 Bf3 44. f5 Be4 45. fxg6 fxg6 46. Bg4 Bg2 47.
Be2 Be4 48. Bd1 Ke6 49. Bg4+ Kd6 50. Bh3 1/2-1/2

[Event "29. Erfurter Schachfestival 2019 - Meis"]
[Site "Erfurt"]
[Date "2019.12.29"]
[Round "7.20"]
[White "Schmitzer, Klaus"]
[Black "Haack, Kevin"]
[Result "1-0"]
[WhiteElo "2217"]
[BlackElo "2042"]
[PlyCount "83"]
[EventDate "2019.12.26"]

1. d4 d5 2. Bf4 Nf6 3. e3 e6 4. Bd3 Bd6 5. Ne2 O-O 6. Nd2 c5 7. c3 Qc7 8. Bg3
Nbd7 9. O-O Bxg3 10. hxg3 e5 11. e4 cxd4 12. cxd4 exd4 13. exd5 Ne5 14. Rc1 Qe7
15. Nc4 Nxd3 16. Qxd3 Nxd5 17. Nxd4 Bg4 18. Rfe1 Qf6 19. Ne5 Be6 20. Qb5 a6 21.
Qb3 h6 22. f3 Rfd8 23. Nxe6 fxe6 24. Qxb7 Rab8 25. Qxa6 Rxb2 26. Rc8 Rb8 27.
Rxd8+ Rxd8 28. Kh2 Qf5 29. Nc6 Nc7 30. Qb6 Re8 31. Re5 Qf7 32. a4 Nd5 33. Qb5
Qd7 34. Nd4 Qc8 35. Rxe6 Rd8 36. Rc6 Qd7 37. Ne6 Re8 38. Nxg7 Re5 39. Qb8+ Kh7
40. Qxe5 Qxc6 41. Nh5 Kg6 42. Qxd5 1-0

[Event "29. Erfurter Schachfestival 2019 - Meis"]
[Site "Erfurt"]
[Date "2019.12.29"]
[Round "7.21"]
[White "Urban, Lars"]
[Black "Lochte, Thomas"]
[Result "1-0"]
[WhiteElo "2178"]
[BlackElo "2014"]
[Annotator "Ruether,Rudolf"]
[PlyCount "69"]
[EventDate "2019.12.26"]

1. d4 Nf6 2. c4 e5 3. dxe5 Ng4 4. Bf4 g5 5. Bg3 Bg7 6. Nf3 Nc6 7. Nc3 Ngxe5 8.
Nxe5 Nxe5 9. e3 d6 10. h4 g4 11. h5 Be6 12. h6 Bf6 13. Ne4 Be7 14. Qd4 c5 15.
Qc3 Qc7 16. Bxe5 dxe5 17. O-O-O f5 18. Ng3 Kf7 {(=)} 19. Bd3 Kg6 20. f4 gxf3
21. gxf3 Bg5 22. Be2 Rad8 23. Rdg1 Rhg8 24. f4 Bf6 25. e4 Kf7 26. exf5 Bc8 27.
Nh5 Bh8 28. f6 Rg4 29. fxe5 Rgd4 30. Re1 Be6 31. Kb1 Qc6 32. Ng7 Bxc4 33. e6+
Kxf6 34. e7 Bxg7 35. e8=Q 1-0

[Event "29. Erfurter Schachfestival 2019 - Meis"]
[Site "Erfurt"]
[Date "2019.12.29"]
[Round "7.22"]
[White "Payyappat, Sreyas"]
[Black "Rahimi, Rahim"]
[Result "0-1"]
[WhiteElo "2166"]
[BlackElo "1945"]
[PlyCount "118"]
[EventDate "2019.12.26"]

1. e4 b6 2. d4 Bb7 3. Bd3 e6 4. Nf3 Ne7 5. O-O d5 6. e5 Ba6 7. Bxa6 Nxa6 8. c3
Qd7 9. Qe2 Qc8 10. a4 Nb8 11. Be3 Nf5 12. Nbd2 c5 13. Rfc1 Qd8 14. Bg5 Be7 15.
Bxe7 Qxe7 16. a5 Qb7 17. Qb5+ Nd7 18. dxc5 a6 19. c6 axb5 20. cxb7 Ra7 21. a6
Nb8 22. Nb3 Rxa6 23. g4 Ne7 24. Rxa6 Nxa6 25. Ra1 Nb8 26. Nbd4 Kd7 27. Ra8 Nec6
28. Nxb5 f6 29. exf6 gxf6 30. Na7 Rg8 31. Kf1 Kc7 32. Nxc6 Kxc6 33. Ra7 Rxg4
34. Nd4+ Kd7 35. b4 e5 36. Nc2 Kc6 37. b5+ Kxb5 38. Ra8 Rg8 39. Nb4 d4 40. Na6
dxc3 41. Ke2 Rd8 42. Rxb8 Rd2+ 43. Ke3 Kxa6 44. Rc8 Kxb7 45. Rxc3 Rd7 46. Rc2
f5 47. Rb2 Rd5 48. Rb1 b5 49. Rg1 Kc6 50. Rg8 b4 51. h4 b3 52. Rc8+ Kb7 53. Rc1
b2 54. Rb1 Rb5 55. Kd3 Kc6 56. Kc4 Rb8 57. f3 h5 58. Kd3 Kd5 59. Kc3 e4 0-1

[Event "29. Erfurter Schachfestival 2019 - Meis"]
[Site "Erfurt"]
[Date "2019.12.29"]
[Round "7.23"]
[White "Brendel, Bergit"]
[Black "Hundack, Rolf"]
[Result "1-0"]
[WhiteElo "1970"]
[BlackElo "2163"]
[PlyCount "71"]
[EventDate "2019.12.26"]

1. e4 e5 2. Nf3 Nc6 3. Nc3 Nf6 4. d4 exd4 5. Nxd4 d6 6. Be2 Be7 7. Be3 O-O 8.
Qd2 Ng4 9. Bxg4 Bxg4 10. f3 Bd7 11. Nd5 Re8 12. Nxc6 Bxc6 13. Nxe7+ Qxe7 14.
O-O Rad8 15. Rfe1 Qe6 16. Qa5 Qc8 17. Qxa7 Re6 18. Bg5 Rde8 19. Qf2 Qa8 20. c4
Qa5 21. Bd2 Qh5 22. a4 Rg6 23. Kh1 Rf8 24. g4 Qe5 25. Bc3 Qe7 26. b4 Qe6 27. b5
Bd7 28. c5 dxc5 29. Qxc5 c6 30. b6 Qb3 31. Re3 Qe6 32. a5 Bc8 33. Rd1 Qa2 34.
Red3 Bxg4 35. fxg4 Rxg4 36. Qxf8+ 1-0

[Event "29. Erfurter Schachfestival 2019 - Meis"]
[Site "Erfurt"]
[Date "2019.12.29"]
[Round "7.24"]
[White "Wiley, Tom E"]
[Black "Niedzielski, Lars"]
[Result "1-0"]
[WhiteElo "2159"]
[BlackElo "1939"]
[PlyCount "83"]
[EventDate "2019.12.26"]

1. d4 Nf6 2. c4 g6 3. Nc3 Bg7 4. e4 d6 5. Nf3 O-O 6. Be2 e5 7. d5 Na6 8. Bg5
Qe8 9. Nd2 Kh8 10. a3 Ng8 11. b4 Bh6 12. Bh4 f5 13. exf5 gxf5 14. O-O Qg6 15.
Re1 Bxd2 16. Qxd2 f4 17. f3 Qh5 18. Bf2 Nh6 19. Ne4 Qg6 20. Kh1 Rg8 21. Rg1 Bd7
22. g3 Bh3 23. Bf1 Bxf1 24. Raxf1 Qh5 25. g4 Qg6 26. h4 Nb8 27. h5 Qf7 28. Bh4
Nd7 29. c5 dxc5 30. bxc5 Rg7 31. c6 bxc6 32. dxc6 Nb6 33. Bf6 Nd5 34. Bxe5 Ne3
35. Re1 Kg8 36. Bxg7 Qxg7 37. Qd7 Qb2 38. Ng5 Qc2 39. Qe6+ Kg7 40. Qe5+ Kg8 41.
Qxf4 Nhxg4 42. Rxg4 1-0

[Event "29. Erfurter Schachfestival 2019 - Meis"]
[Site "Erfurt"]
[Date "2019.12.29"]
[Round "7.25"]
[White "Behrens, Harald"]
[Black "Tenold, Andreas"]
[Result "1-0"]
[WhiteElo "2222"]
[BlackElo "1926"]
[PlyCount "37"]
[EventDate "2019.12.26"]

1. d4 Nf6 2. Nf3 e6 3. Bf4 d5 4. e3 Bd6 5. Bg3 O-O 6. Bd3 c5 7. c3 Qc7 8. Ne5
Nbd7 9. f4 Ne4 10. Nd2 Ndf6 11. Bh4 Nxd2 12. Bxf6 gxf6 13. Ng4 Ne4 14. Bxe4
dxe4 15. Nxf6+ Kg7 16. Qg4+ Kh8 17. Qh5 Kg7 18. Qg5+ Kh8 19. Qh6 1-0

[Event "29. Erfurter Schachfestival 2019 - Meis"]
[Site "Erfurt"]
[Date "2019.12.29"]
[Round "7.26"]
[White "Easwaralingam, Adesh"]
[Black "Walther, Andi"]
[Result "1-0"]
[WhiteElo "2045"]
[BlackElo "2180"]
[PlyCount "39"]
[EventDate "2019.12.26"]

1. e4 c5 2. Nf3 Nc6 3. Bb5 e6 4. O-O Nge7 5. d4 Qb6 6. Bxc6 bxc6 7. dxc5 Qxc5
8. b3 d5 9. Re1 f6 10. e5 Ng6 11. Bb2 Kf7 12. h4 Be7 13. h5 Nxe5 14. Rxe5 fxe5
15. Nxe5+ Ke8 16. h6 Bf6 17. hxg7 Bxg7 18. Qh5+ Kd8 19. Qg5+ Ke8 20. Ba3 1-0

[Event "29. Erfurter Schachfestival 2019 - Meis"]
[Site "Erfurt"]
[Date "2019.12.29"]
[Round "7.27"]
[White "Jedinger, Andreas"]
[Black "King, Alexander"]
[Result "1/2-1/2"]
[WhiteElo "2117"]
[BlackElo "2052"]
[PlyCount "51"]
[EventDate "2019.12.26"]

1. e4 c6 2. Nc3 d5 3. Qe2 dxe4 4. Nxe4 e6 5. Nf3 Nd7 6. d4 Ngf6 7. Bd2 Nxe4 8.
Qxe4 Nf6 9. Qh4 Be7 10. Bd3 Qc7 11. Qg3 Qxg3 12. hxg3 h6 13. Ne5 Nd7 14. g4
Nxe5 15. dxe5 Rg8 16. Bh7 Rf8 17. Be4 Bd7 18. Be3 b6 19. a4 Kd8 20. O-O Kc7 21.
f4 a5 22. Rad1 Rad8 23. f5 f6 24. Bf4 Kb7 25. Kh2 Bc8 26. Kg3 1/2-1/2

[Event "29. Erfurter Schachfestival 2019 - Meis"]
[Site "Erfurt"]
[Date "2019.12.29"]
[Round "7.29"]
[White "Rensch, Toralf"]
[Black "Röhr, Oliver"]
[Result "1/2-1/2"]
[WhiteElo "2103"]
[BlackElo "2028"]
[PlyCount "23"]
[EventDate "2019.12.26"]

1. e4 e5 2. Nc3 Nf6 3. f4 d5 4. fxe5 Nxe4 5. Nf3 Be7 6. d4 O-O 7. Bd3 f5 8.
exf6 Bxf6 9. O-O Nc6 10. Nxe4 dxe4 11. Bxe4 Nxd4 12. c3 1/2-1/2

[Event "29. Erfurter Schachfestival 2019 - Meis"]
[Site "Erfurt"]
[Date "2019.12.29"]
[Round "7.30"]
[White "Schmitt, Michael"]
[Black "Schupp, Uwe"]
[Result "0-1"]
[WhiteElo "2025"]
[BlackElo "2098"]
[PlyCount "118"]
[EventDate "2019.12.26"]

1. c4 d6 2. Nc3 e5 3. g3 f5 4. Bg2 Nf6 5. d3 Be7 6. Nf3 O-O 7. O-O Qe8 8. Bg5
Qh5 9. Bxf6 Bxf6 10. Nd2 Qh6 11. Nd5 Bd8 12. e3 c6 13. Nc3 f4 14. exf4 exf4 15.
d4 Bh3 16. Nf3 Nd7 17. Qd3 Bf5 18. Qd2 Nf6 19. Nh4 Ng4 20. h3 fxg3 21. Qxh6
gxf2+ 22. Rxf2 Nxh6 23. Nxf5 Rxf5 24. Ne4 Rxf2 25. Kxf2 Nf5 26. d5 cxd5 27.
cxd5 Rc8 28. Nc3 Bf6 29. Be4 Bxc3 30. bxc3 Ne7 31. Rb1 b6 32. Rb3 g6 33. Ke3
Kf7 34. Kd4 Kf6 35. c4 Nf5+ 36. Bxf5 gxf5 37. a4 Re8 38. Rf3 Re4+ 39. Kc3 Ke5
40. Kb4 a6 41. Kc3 f4 42. Kd3 Re1 43. Rf2 Re3+ 44. Kd2 Rxh3 45. Re2+ Kd4 46.
Re6 Rd3+ 47. Kc2 Rc3+ 48. Kd2 Rxc4 49. Rxd6 Rxa4 50. Rxb6 Kxd5 51. Rh6 Ke4 52.
Ke2 Ra2+ 53. Kf1 a5 54. Rxh7 a4 55. Rc7 a3 56. Rc4+ Kf3 57. Rc3+ Kg4 58. Rb3 f3
59. Rb8 Rb2 0-1

[Event "29. Erfurter Schachfestival 2019 - Meis"]
[Site "Erfurt"]
[Date "2019.12.29"]
[Round "7.31"]
[White "Maiwald, Harald"]
[Black "Stabolewski, Andreas"]
[Result "1/2-1/2"]
[WhiteElo "2005"]
[BlackElo "2092"]
[PlyCount "24"]
[EventDate "2019.12.26"]

1. Nf3 c5 2. g3 Nc6 3. d4 d5 4. Bg2 Nf6 5. O-O e6 6. c4 Be7 7. cxd5 exd5 8. Nc3
O-O 9. Bg5 cxd4 10. Nxd4 h6 11. Be3 Re8 12. Rc1 Bf8 1/2-1/2

[Event "29. Erfurter Schachfestival 2019 - Meis"]
[Site "Erfurt"]
[Date "2019.12.29"]
[Round "7.32"]
[White "Sieber, Heiko"]
[Black "Böhm, Christian"]
[Result "1/2-1/2"]
[WhiteElo "1949"]
[BlackElo "2090"]
[PlyCount "20"]
[EventDate "2019.12.26"]

1. d4 Nf6 2. Nf3 g6 3. c4 Bg7 4. Nc3 O-O 5. e4 d6 6. Be2 e5 7. d5 a5 8. h3 Na6
9. Be3 Nc5 10. Nd2 Nfd7 1/2-1/2

[Event "29. Erfurter Schachfestival 2019 - Meis"]
[Site "Erfurt"]
[Date "2019.12.29"]
[Round "7.33"]
[White "Popist, Florian"]
[Black "Huth, Kevin"]
[Result "1-0"]
[WhiteElo "2076"]
[BlackElo "1975"]
[PlyCount "41"]
[EventDate "2019.12.26"]

1. e4 c5 2. Nf3 Nc6 3. d4 cxd4 4. Nxd4 Nf6 5. Nc3 d6 6. Bg5 Bd7 7. Qd2 a6 8. a4
e6 9. Be2 Be7 10. Be3 O-O 11. O-O Ne5 12. h3 Bc6 13. f4 Ned7 14. Bd3 e5 15. Nf5
exf4 16. Bxf4 Ne5 17. Bxe5 dxe5 18. Qg5 g6 19. Nxe7+ Qxe7 20. Qxf6 Qc5+ 21. Kh1
1-0

[Event "29. Erfurter Schachfestival 2019 - Meis"]
[Site "Erfurt"]
[Date "2019.12.29"]
[Round "7.34"]
[White "Krause, Maximilian"]
[Black "Köhler, Lukas"]
[Result "0-1"]
[WhiteElo "1992"]
[BlackElo "2071"]
[PlyCount "96"]
[EventDate "2019.12.26"]

1. b3 e5 2. Bb2 Nc6 3. e3 Nf6 4. Bb5 Bd6 5. Nh3 O-O 6. O-O a6 7. Be2 Re8 8. c4
Bf8 9. Nc3 d5 10. cxd5 Nxd5 11. Nxd5 Qxd5 12. Bc4 Qd8 13. Qf3 Be6 14. d4 Bxc4
15. bxc4 exd4 16. exd4 Nxd4 17. Bxd4 Qxd4 18. Qxb7 Bd6 19. Qc6 Qe4 20. Qxe4
Rxe4 21. Rfc1 Rb8 22. Rc2 f6 23. f3 Re3 24. c5 Be7 25. Nf4 Re5 26. Rac1 Rb5 27.
Nd3 Rd5 28. Rc3 f5 29. Kf1 Bf6 30. Nf4 Rd2 31. R3c2 Rb2 32. Rxb2 Bxb2 33. Rb1
Be5 34. Ne2 Rxa2 35. Rb8+ Kf7 36. f4 Bf6 37. Rc8 Ke6 38. Rxc7 Kd5 39. Ke1 a5
40. c6 a4 41. Rc8 a3 42. Nc1 Bc3+ 43. Kf1 Ra1 44. Rd8+ Ke6 45. Rd1 Ba5 46. Ke2
Rb1 47. Kd3 a2 48. Re1+ Kd6 0-1

[Event "29. Erfurter Schachfestival 2019 - Meis"]
[Site "Erfurt"]
[Date "2019.12.29"]
[Round "7.35"]
[White "Heinke, Jasper"]
[Black "Schenk, Stefan"]
[Result "1-0"]
[WhiteElo "2066"]
[BlackElo "2009"]
[PlyCount "71"]
[EventDate "2019.12.26"]

1. d4 Nf6 2. c4 g6 3. Nc3 Bg7 4. e4 d6 5. Be2 O-O 6. Nf3 e5 7. O-O Nc6 8. d5
Ne7 9. Ne1 Nd7 10. Be3 f5 11. f3 f4 12. Bf2 g5 13. Rc1 h5 14. c5 Nf6 15. cxd6
cxd6 16. Nb5 Ne8 17. Nxa7 Bd7 18. Qb3 Ng6 19. Bb6 Qe7 20. Bb5 g4 21. Bxd7 Qxd7
22. a4 Bf6 23. a5 Qg7 24. Kh1 Bh4 25. Nd3 Bg3 26. fxg4 hxg4 27. hxg3 fxg3 28.
Rxf8+ Qxf8 29. Kg1 Nf6 30. Rf1 Qg7 31. Qb4 Qh8 32. Rf5 Qh2+ 33. Kf1 Qh1+ 34.
Bg1 Nh4 35. Rg5+ Kh7 36. Qxb7+ 1-0

[Event "29. Erfurter Schachfestival 2019 - Meis"]
[Site "Erfurt"]
[Date "2019.12.29"]
[Round "7.36"]
[White "Fichtner, Ewald"]
[Black "Schlick, Stefan"]
[Result "0-1"]
[WhiteElo "2055"]
[BlackElo "1997"]
[PlyCount "62"]
[EventDate "2019.12.26"]

1. d4 Nf6 2. Bf4 d5 3. e3 c5 4. c3 Nc6 5. Nd2 e6 6. Ngf3 cxd4 7. exd4 Nh5 8.
Bg5 f6 9. Be3 Bd6 10. g3 O-O 11. Be2 f5 12. Ne5 f4 13. Nxc6 bxc6 14. Bxh5 fxe3
15. fxe3 Rb8 16. b3 Qg5 17. Qe2 Ba6 18. c4 e5 19. O-O-O g6 20. Bg4 exd4 21.
exd4 Rfe8 22. Be6+ Kh8 23. Qg4 Qe3 24. Rde1 Qc3+ 25. Kd1 dxc4 26. Qh4 Qa1+ 27.
Kc2 Qxa2+ 28. Kd1 Bf8 29. Bxc4 Bxc4 30. Rxe8 Bxb3+ 31. Nxb3 Qxb3+ 0-1

[Event "29. Erfurter Schachfestival 2019 - Meis"]
[Site "Erfurt"]
[Date "2019.12.29"]
[Round "7.37"]
[White "Reucker, Friedrich"]
[Black "Sauer, Marko"]
[Result "1/2-1/2"]
[WhiteElo "1945"]
[BlackElo "2053"]
[Annotator "Ruether,Rudolf"]
[PlyCount "79"]
[EventDate "2019.12.26"]

1. d4 d5 2. c4 e6 3. Nc3 Nf6 4. cxd5 exd5 5. Bg5 Be7 6. e3 c6 7. Bd3 Qb6 8. Qc2
Nbd7 9. Nf3 h6 10. Bh4 Bd6 11. O-O O-O 12. Rab1 a5 13. a3 Re8 14. b4 Qa7 15.
Bg3 Bxg3 16. hxg3 axb4 17. axb4 b5 18. e4 dxe4 19. Nxe4 Bb7 20. Rfc1 Re6 21.
Nc5 Nxc5 22. dxc5 Rd8 23. Rd1 Qb8 24. Nh4 Rd5 {(=)} 25. Nf5 Bc8 26. Nd6 Bd7 27.
Bf5 Rexd6 28. cxd6 Bxf5 29. Qxc6 Bxb1 30. Rxd5 Nxd5 31. Qxd5 Qd8 32. d7 Kh7 33.
Qxf7 Bg6 34. Qd5 h5 35. Qxb5 h4 36. gxh4 Qc7 37. f3 Qc1+ 38. Kf2 Qd2+ 39. Kg3
Qe1+ 40. Kh3 1/2-1/2

[Event "29. Erfurter Schachfestival 2019 - Meis"]
[Site "Erfurt"]
[Date "2019.12.29"]
[Round "7.38"]
[White "Schmid, Anton"]
[Black "Greiner, Timo"]
[Result "1-0"]
[WhiteElo "1783"]
[BlackElo "2086"]
[Annotator "Ruether,Rudolf"]
[PlyCount "55"]
[EventDate "2019.12.26"]

1. d4 d5 2. c4 c6 3. Nf3 Nf6 4. e3 Bf5 5. Qb3 Qc7 6. Nc3 e6 7. Nh4 Be4 8. f3
Bg6 9. Nxg6 hxg6 10. g3 Bd6 11. Ne2 dxc4 12. Qxc4 Nbd7 13. Bd2 e5 14. Bb4 Bxb4+
15. Qxb4 Nd5 16. Qa3 exd4 17. Nxd4 Qb6 18. O-O-O O-O-O 19. Kb1 Rhe8 {(=)} 20.
e4 Nb4 21. Nb5 cxb5 22. Qxb4 a6 23. Bh3 f5 24. exf5 Nf6 25. Qf4 g5 26. Rc1+ Kd7
27. Qxg5 Re7 28. Qg6 1-0

[Event "29. Erfurter Schachfestival 2019 - Meis"]
[Site "Erfurt"]
[Date "2019.12.29"]
[Round "7.39"]
[White "Höhn, Michael"]
[Black "Scheitz, Michael"]
[Result "1-0"]
[WhiteElo "2018"]
[BlackElo "2084"]
[PlyCount "73"]
[EventDate "2019.12.26"]

1. Nf3 d5 2. b3 Bf5 3. Bb2 e6 4. d3 h6 5. Nbd2 Nf6 6. g3 Be7 7. Bg2 c6 8. O-O
O-O 9. Re1 Bh7 10. e4 Re8 11. e5 Nfd7 12. Nf1 Qc7 13. h4 c5 14. c4 d4 15. Qe2
Nc6 16. a3 a6 17. h5 Rab8 18. g4 b5 19. Bc1 bxc4 20. bxc4 Rb3 21. g5 hxg5 22.
Bxg5 Bf8 23. Rad1 Rxa3 24. Bc1 Rb3 25. Ng5 Bf5 26. Bf4 Reb8 27. Ng3 Rb2 28. Rd2
Rxd2 29. Qxd2 Ne7 30. Nxf5 Nxf5 31. Be4 Nh6 32. Nf3 Rb4 33. Kh2 Qb8 34. Bxh6
gxh6 35. Rg1+ Kh8 36. Qf4 Bg7 37. Qxf7 1-0

[Event "29. Erfurter Schachfestival 2019 - Meis"]
[Site "Erfurt"]
[Date "2019.12.29"]
[Round "7.40"]
[White "Kirschbaum, Gunnar"]
[Black "Kottwitz, Daniel"]
[Result "1-0"]
[WhiteElo "2083"]
[BlackElo "1949"]
[Annotator "Ruether,Rudolf"]
[PlyCount "64"]
[EventDate "2019.12.26"]

1. d4 e6 2. e4 d5 3. exd5 exd5 4. c4 Bb4+ 5. Nc3 Bxc3+ 6. bxc3 Ne7 7. h3 O-O 8.
Nf3 Re8 9. Be2 dxc4 10. O-O b5 11. a4 c6 12. axb5 cxb5 13. Ng5 Nd5 14. Bf3 h6
15. Ne4 Bb7 16. Ba3 Bc6 17. Nd6 Re6 18. Bxd5 Bxd5 19. Nxb5 Bxg2 20. Kxg2 Qd5+
21. Kh2 Rg6 22. Rg1 Rxg1 23. Qxg1 Qxb5 24. Qg4 Nd7 25. Rg1 g6 26. Re1 Qd5 27.
Re7 Nf6 28. Qf4 Kg7 29. Bd6 g5 30. Qe5 a5 31. Rc7 a4 32. Re7 a3 {Rest
unleserlich} 1-0